[Event "Stay Safe Play From Home 222"]
[Site "T#646744Emanuel Laske"]
[Date "2020.06.12"]
[Round "2"]
[White "Lazieri3"]
[Black "Edmatuag"]
[Result "1-0"]
[WhiteElo "2051"]
[BlackElo "1812"]
[Annotator "TA"]
[PlyCount "111"]
[EventDate "2020.06.12"]
[EventType "swiss (blitz)"]

{[%evp 9,111,-3,56,0,48,-11,43,0,95,-27,-29,-46,-41,-39,-41,-52,-53,-51,-34,-40,-21,-2,0,-17,77,58,154,155,139,80,132,97,177,59,88,69,123,99,97,98,475,462,466,441,442,451,580,583,592,584,565,311,514,310,517,515,513,517,512,514,531,539,554,545,616,583,641,618,625,615,601,467,895,905,810,787,774,681,904,873,554,432,6927,1167,2417,552,29939,12385,6913,2885,29976,29977,29977,29978,29978,29979,29980,29981,29984,29985,29985,29986,29986,29987]} 1. e4 c5 2. Nc3 Nc6 3. Nf3 g6 4. d3 Bg7 5. Be3 b6 ({Better is} 5... Nd4 $11) 6. Qd2 {B30: Sicilian: 2...Nc6 3 Bb5, lines without ...g6.} (6. d4 $14) 6... Bb7 {[#]} 7. Be2 $146 (7. d4 $14) ({Predecessor:} 7. h4 e6 8. h5 Nge7 9. Bh6 O-O 10. Bxg7 Kxg7 11. hxg6 fxg6 12. Qh6+ Kf7 13. Qxh7+ {1-0 (34) Campers,W (1771)-Chen,M (1586) San Francisco 2009}) 7... e6 ({Black should try} 7... e5 $11) 8. a3 {White is slightly better.} Nd4 {[#]} (8... d5 $11 9. exd5 exd5) 9. O-O-O (9. Bxd4 $1 $16 cxd4 10. Nb5) 9... a6 $11 10. Bg5 Qc7 11. Kb1 b5 12. Nxd4 cxd4 13. Na2 h6 14. Bf4 e5 15. Bg3 $36 {[%mdl 2048] White has good play.} a5 16. c3 dxc3 (16... Qb6 $11) 17. Qxc3 Rc8 (17... Bc6 $14) 18. Qxc7 $16 Rxc7 19. Rc1 (19. Nc3 $142) 19... Kd8 (19... Rxc1+ $142 20. Rxc1 Ne7) 20. Nc3 Bc6 {[#]} (20... b4 $16 {was called for.}) 21. Nd5 (21. d4 $1 $18) 21... Bxd5 22. exd5 d6 (22... Ne7 $14) 23. Rxc7 Kxc7 24. Rc1+ Kd7 $2 {[%mdl 8192] [#] Now Black is done in.} (24... Kb7 $16 {is a better chance.}) 25. d4 $1 $18 {[%mdl 576] Discovered Attack} Ne7 (25... exd4 26. Bxb5+) 26. Bxb5+ Kd8 27. dxe5 Bxe5 28. Bxe5 dxe5 {[%mdl 4096] Endgame KRB-KRN} 29. d6 Nf5 30. Rc6 Nd4 $2 (30... Kd7 31. Ra6+ Ke6 32. d7+ Ke7 33. Rxa5 f6) 31. Rb6 {[%cal Rb6b8]} Nxb5 $2 {KRN-KR} (31... Kc8 {was necessary.} 32. Ba4 Ne6 33. d7+ Kc7) 32. Rb8+ ({Not} 32. Rxb5 Re8 $16) 32... Kd7 33. Rxh8 Nxd6 34. Rxh6 {KR-KN} Ke6 35. h4 Ne4 36. f3 Ng3 37. b4 axb4 38. axb4 Nf5 39. Rh7 Ne3 40. g4 Nd5 (40... e4 $142) 41. b5 Nc3+ 42. Kc2 Nxb5 43. h5 gxh5 44. gxh5 Nd4+ 45. Kd3 Nxf3 (45... Nf5 $142 46. f4 exf4) 46. Rh8 (46. Rg7 $142 e4+ 47. Kxe4) 46... f5 47. Ke3 (47. Rf8 $142 Ng5 48. h6) 47... Ng5 48. Rg8 f4+ 49. Ke2 Nf7 {[#]} 50. h6 $1 {[%cal Rh6h7][%mdl 576] Decoy. White mates.} Nxh6 51. Rg6+ {[%mdl 64] Double Attack} Kf5 52. Rxh6 e4 53. Rh8 Kg4 54. Rg8+ Kf5 55. Re8 f3+ 56. Ke3 {Accuracy: White = 63%, Black = 34%.} 1-0

[Event "Stay Safe Play From Home 222"]
[Site "T#646744Emanuel Laske"]
[Date "2020.06.12"]
[Round "2"]
[White "Haris kollari 13"]
[Black "Shyamph1980"]
[Result "1-0"]
[WhiteElo "2025"]
[BlackElo "1702"]
[Annotator "NA RC"]
[PlyCount "71"]
[EventDate "2020.06.12"]
[EventType "swiss (blitz)"]

1. e4 {[%emt 0:00:01]} c5 {[%emt 0:00:02]} 2. Nf3 {[%emt 0:00:01]} e6 {[%emt 0:00:01]} 3. d4 {[%emt 0:00:01]} cxd4 {[%emt 0:00:01]} 4. Nxd4 {[%emt 0:00:01]} a6 {[%emt 0:00:01]} 5. f4 {[%emt 0:00:01]} Nc6 {[%emt 0:00:06]} 6. Nb3 {[%emt 0:00:02]} Qc7 {[%emt 0:00:02]} 7. Be3 {[%emt 0:00:01]} Nge7 {[%emt 0:00:03]} 8. a3 {[%emt 0:00:01]} b5 {[%emt 0:00:04]} 9. Bd3 {[%emt 0:00:03]} Bb7 {[%emt 0:00:01]} 10. Qf3 {[%emt 0:00:01]} g6 {[%emt 0:00:07]} 11. N1d2 {[%emt 0:00:03]} Bg7 {[%emt 0:00:01]} 12. O-O-O {[%emt 0:00:02]} Rc8 {[%emt 0:00:02]} 13. Qf2 {[%emt 0:00:08]} d5 {[%emt 0:00:18]} 14. Bb6 {[%emt 0:00:07]} Qd7 {[%emt 0:00:03]} 15. e5 {[%emt 0:00:03]} O-O {[%emt 0:00:18]} 16. Nc5 {[%emt 0:00:01]} Qe8 {[%emt 0:00:07]} 17. Nxb7 {[%emt 0:00:01]} Rb8 {[%emt 0:00:01]} 18. Nd6 {[%emt 0:00:01]} Qd7 {[%emt 0:00:02]} 19. Bc5 {[%emt 0:00:01]} Nf5 {[%emt 0:00:07]} 20. Bxf5 {[%emt 0:00:04]} exf5 {[%emt 0:00:01]} 21. h4 {[%emt 0:00:15]} a5 {[%emt 0:00:08]} 22. h5 {[%emt 0:00:01]} b4 {[%emt 0:00:03]} 23. a4 {[%emt 0:00:01]} d4 {[%emt 0:00:04]} 24. hxg6 {[%emt 0:00:09]} fxg6 {[%emt 0:00:03]} 25. Nb3 {[%emt 0:00:08]} Rfd8 {[%emt 0:00:11]} 26. Nxd4 {[%emt 0:00:02]} Nxd4 {[%emt 0:00:03]} 27. Rxd4 {[%emt 0:00:02]} Bf8 {[%emt 0:00:01]} 28. Qh4 {[%emt 0:00:09]} h5 {[%emt 0:00:07]} 29. Qf6 {[%emt 0:00:12]} Kh7 {[%emt 0:00:04]} 30. g4 {[%emt 0:00:12]} Bg7 {[%emt 0:00:04]} 31. Qg5 {[%emt 0:00:08]} Qxa4 {[%emt 0:00:01]} 32. Kb1 {[%emt 0:00:06]} Rbc8 {[%emt 0:00:03]} 33. gxh5 {[%emt 0:00:01]} Kg8 {[%emt 0:00:57]} 34. h6 {[%emt 0:00:12]} Rxc5 {[%emt 0:00:06]} 35. Qxd8+ {[%emt 0:00:02]} Bf8 {[%emt 0:00:14]} 36. h7+ {[%emt 0:00:02] Shyamph1980 resigns (Lag: Av=0.63s, max=1.2s)} 1-0

[Event "Stay Safe Play From Home 222"]
[Site "T#646744Emanuel Laske"]
[Date "2020.06.12"]
[Round "2"]
[White "Haxhi Baha"]
[Black "Erdema"]
[Result "1-0"]
[WhiteElo "2022"]
[BlackElo "1569"]
[Annotator "RC"]
[PlyCount "75"]
[EventDate "2020.06.12"]
[EventType "swiss (blitz)"]

1. e4 {[%emt 0:00:02]} e5 {[%emt 0:00:01]} 2. f4 {[%emt 0:00:01]} Nc6 {[%emt 0:00:01]} 3. Nf3 {[%emt 0:00:01]} d6 {[%emt 0:00:01]} 4. d4 {[%emt 0:00:01]} exd4 {[%emt 0:00:08]} 5. Nxd4 {[%emt 0:00:25]} Nxd4 {[%emt 0:00:05]} 6. Qxd4 {[%emt 0:00:00]} Nf6 {[%emt 0:00:03]} 7. Bc4 {[%emt 0:00:02]} Be7 {[%emt 0:00:02]} 8. Nc3 {[%emt 0:00:01]} O-O {[%emt 0:00:02]} 9. h3 {[%emt 0:00:00]} b6 {[%emt 0:00:08]} 10. Be3 {[%emt 0:00:02]} c5 {[%emt 0:00:02]} 11. Qd3 {[%emt 0:00:02]} Bb7 {[%emt 0:00:02]} 12. O-O-O {[%emt 0:00:02]} Qc7 {[%emt 0:00:03]} 13. g4 {[%emt 0:00:02]} Nd7 {[%emt 0:00:15]} 14. Nb5 {[%emt 0:00:06]} Qc6 {[%emt 0:00:04]} 15. Bd5 {[%emt 0:00:04]} Qc8 {[%emt 0:00:03]} 16. g5 {[%emt 0:00:15]} Bxd5 {[%emt 0:00:05]} 17. Qxd5 {[%emt 0:00:00]} a6 {[%emt 0:00:16]} 18. Nxd6 {[%emt 0:00:02]} Bxd6 {[%emt 0:00:07]} 19. Qxd6 {[%emt 0:00:00]} Rd8 {[%emt 0:00:03]} 20. f5 {[%emt 0:00:15]} g6 {[%emt 0:00:08]} 21. f6 {[%emt 0:00:01]} Nf8 {[%emt 0:00:07]} 22. Qxd8 {[%emt 0:00:07]} Qxd8 {[%emt 0:00:03]} 23. Rxd8 {[%emt 0:00:00]} Rxd8 {[%emt 0:00:02]} 24. Rd1 {[%emt 0:00:02]} Rxd1+ {[%emt 0:00:04]} 25. Kxd1 {[%emt 0:00:00]} Nd7 {[%emt 0:00:02]} 26. Bf4 {[%emt 0:00:04]} Kf8 {[%emt 0:00:04]} 27. Kd2 {[%emt 0:00:03]} Ke8 {[%emt 0:00:01]} 28. Kd3 {[%emt 0:00:01]} Nb8 {[%emt 0:00:07]} 29. Bxb8 {[%emt 0:00:04]} Kd7 {[%emt 0:00:02]} 30. e5 {[%emt 0:00:02]} Kc8 {[%emt 0:00:03]} 31. Bd6 {[%emt 0:00:02]} Kd7 {[%emt 0:00:02]} 32. Ke4 {[%emt 0:00:01]} Ke6 {[%emt 0:00:01]} 33. h4 {[%emt 0:00:02]} c4 {[%emt 0:00:03]} 34. Bc7 {[%emt 0:00:02]} b5 {[%emt 0:00:01]} 35. c3 {[%emt 0:00:01]} Kd7 {[%emt 0:00:02]} 36. Kd5 {[%emt 0:00:12]} Kxc7 {[%emt 0:00:04]} 37. e6 {[%emt 0:00:01]} fxe6+ {[%emt 0:00:05]} 38. Kxe6 {[%emt 0:00:00] Erdema terk eder (Lag: Av=0.97s, max=1.8s)} 1-0

[Event "Stay Safe Play From Home 222"]
[Site "T#646744Emanuel Laske"]
[Date "2020.06.12"]
[Round "2"]
[White "Timbre"]
[Black "Position"]
[Result "1-0"]
[WhiteElo "1603"]
[BlackElo "2110"]
[Annotator "TA"]
[PlyCount "89"]
[EventDate "2020.06.12"]
[EventType "swiss (blitz)"]

{[%evp 9,89,2,11,7,8,10,12,-7,-7,-4,-6,-11,-12,-6,0,0,0,0,0,0,0,0,14,0,16,13,23,-1,-3,-18,-12,-25,-19,-14,0,-18,0,0,0,0,70,0,26,0,5,0,159,50,50,54,30,27,33,12,29,20,35,29,48,18,117,61,384,285,335,243,212,210,253,256,228,189,283,279,538,537,593,539,480,518,463,122]} 1. d4 Nf6 2. Nf3 d5 3. c3 b6 4. Bf4 Bb7 5. e3 e6 6. Bd3 {[#] D02: 1 d4 d5 2 Nf3 sidelines, including 2...Nf6 3 g3 and 2...Nf6 3 Bf4.} h6 $146 ({Predecessor:} 6... Nbd7 7. Nbd2 Ne4 8. Bxe4 dxe4 9. Ng5 Be7 10. Ngxe4 f5 11. Ng3 O-O 12. h4 Bxg2 13. Rg1 Bb7 {1-0 (42) Tikkanen,H (2504)-Sjodahl,P (2413) Tylosand 2017}) 7. Qe2 Bd6 8. Bg3 {The position is equal.} Nbd7 9. Nbd2 Qe7 10. e4 dxe4 11. Nxe4 Nxe4 12. Bxe4 Bxe4 13. Qxe4 O-O 14. O-O Bxg3 15. hxg3 a5 16. a3 Rfc8 17. Rfe1 Nf6 18. Qc2 c5 19. dxc5 Rxc5 20. Nd4 Rac8 21. Rad1 Ng4 22. Qe2 Qg5 23. Nf3 Qh5 24. Rd4 Nf6 (24... b5 $11) 25. Red1 ({White should play} 25. Qa6 $14) 25... Kh7 26. Qc2+ Qg6 27. Qe2 Rd5 $2 {[#]} (27... Qh5 $1 $11) 28. Rxd5 ({White has to play} 28. Ne5 $16 Qf5 29. Nxf7) 28... exd5 $14 29. Nh4 Qg5 30. Qd3+ Kg8 31. Qd4 Re8 32. Nf3 $36 {[%mdl 2048] Black is under pressure.} Qf5 {White should prevent ...Qc2.} 33. Qxb6 Re2 34. Rf1 {[#] Threatens to win with Nd4.} Ng4 (34... Qc2 $11) 35. Qxa5 ({Better is} 35. b4 $16) 35... Qh5 $2 {[%mdl 8192] Loses the game.} (35... Rxb2 $14 36. c4 Nf6) 36. Qd8+ Kh7 37. b4 Rc2 38. Qh4 Qg6 39. Qe7 Rxc3 40. a4 {[%cal Ba3a4,Ba4a5,Ba5a6,Ba6a7][%mdl 32]} Rc4 (40... Qe4 $142 41. Qd6 (41. Qxf7 Nf6 $16) 41... Ra3) 41. a5 $18 Qd3 $2 (41... Qe4 42. Qxe4+ (42. Qxf7 Rxb4 43. Nh4 Ne5 $16) 42... dxe4) 42. a6 {White is clearly winning.} Rc2 43. a7 Ra2 44. Qxf7 Nf6 45. Qb7 $2 {Accuracy: White = 75%, Black = 64%.} (45. Ne5 $18 {and White stays clearly on top.} Qc3 46. Qb7) 1-0

[Event "Stay Safe Play From Home 222"]
[Site "T#646744Emanuel Laske"]
[Date "2020.06.12"]
[Round "2"]
[White "Robk"]
[Black "Tunca"]
[Result "0-1"]
[WhiteElo "1508"]
[BlackElo "1733"]
[Annotator "NA RC"]
[PlyCount "28"]
[EventDate "2020.06.12"]
[EventType "swiss (blitz)"]

1. e4 {[%emt 0:00:03]} Nf6 {[%emt 0:00:12]} 2. Nc3 {[%emt 0:00:04]} e6 {[%emt 0:00:01]} 3. d4 {[%emt 0:00:04]} Bb4 {[%emt 0:00:02]} 4. f3 {[%emt 0:00:21]} d5 {[%emt 0:00:04]} 5. e5 {[%emt 0:00:14]} Nfd7 {[%emt 0:00:00]} 6. Bd2 {[%emt 0:00:09]} c5 {[%emt 0:00:01]} 7. a3 {[%emt 0:00:03]} Bxc3 {[%emt 0:00:13]} 8. Bxc3 {[%emt 0:00:02]} cxd4 {[%emt 0:00:00]} 9. Bxd4 {[%emt 0:00:01]} Nc6 {[%emt 0:00:00]} 10. c3 {[%emt 0:00:09]} Ndxe5 {[%emt 0:00:02]} 11. Bb5 {[%emt 0:00:12]} Bd7 {[%emt 0:00:05]} 12. Qe2 {[%emt 0:00:08]} Ng6 {[%emt 0:00:01]} 13. Bxg7 {[%emt 0:00:03]} Rg8 {[%emt 0:00:02]} 14. Bh6 {[%emt 0:00:10]} Qh4+ {[%emt 0:00:07] Robk resigns (Lag: Av=0.47s, max=0.5s)} 0-1

[Event "Stay Safe Play From Home 222"]
[Site "T#646744Emanuel Laske"]
[Date "2020.06.12"]
[Round "3"]
[White "Haris kollari 13"]
[Black "Little champs"]
[Result "1/2-1/2"]
[WhiteElo "2030"]
[BlackElo "2085"]
[Annotator "NA RC"]
[PlyCount "80"]
[EventDate "2020.06.12"]
[EventType "swiss (blitz)"]

1. e4 {[%emt 0:00:02]} c5 {[%emt 0:00:01]} 2. Nf3 {[%emt 0:00:01]} Nc6 {[%emt 0:00:01]} 3. d4 {[%emt 0:00:01]} cxd4 {[%emt 0:00:01]} 4. Nxd4 {[%emt 0:00:01]} Nf6 {[%emt 0:00:01]} 5. Nc3 {[%emt 0:00:01]} e6 {[%emt 0:00:02]} 6. f4 {[%emt 0:00:04]} Bb4 {[%emt 0:00:02]} 7. Qd3 {[%emt 0:00:04]} d5 {[%emt 0:00:01]} 8. e5 {[%emt 0:00:01]} Ne4 {[%emt 0:00:13]} 9. Bd2 {[%emt 0:00:01]} Nxd2 {[%emt 0:00:19]} 10. Qxd2 {[%emt 0:00:03]} Qb6 {[%emt 0:00:03]} 11. Nb3 {[%emt 0:00:07]} a5 {[%emt 0:00:08]} 12. a3 {[%emt 0:00:03]} Be7 {[%emt 0:00:07]} 13. Na4 {[%emt 0:00:06]} Qa7 {[%emt 0:00:02]} 14. Bb5 {[%emt 0:00:08]} Bd7 {[%emt 0:00:01]} 15. Nc3 {[%emt 0:00:05]} Qb6 {[%emt 0:00:11]} 16. Qd3 {[%emt 0:00:10]} Rc8 {[%emt 0:00:08]} 17. O-O-O {[%emt 0:00:13]} O-O {[%emt 0:00:08]} 18. Kb1 {[%emt 0:00:01]} f6 {[%emt 0:00:12]} 19. exf6 {[%emt 0:00:16]} Bxf6 {[%emt 0:00:01]} 20. Na4 {[%emt 0:00:01]} Qc7 {[%emt 0:00:12]} 21. g3 {[%emt 0:00:03]} b6 {[%emt 0:00:13]} 22. Rhe1 {[%emt 0:00:02]} Rfe8 {[%emt 0:00:08]} 23. Re2 {[%emt 0:00:22]} g6 {[%emt 0:00:03]} 24. Rde1 {[%emt 0:00:03]} Bg7 {[%emt 0:00:00]} 25. h4 {[%emt 0:00:10]} Rb8 {[%emt 0:00:03]} 26. h5 {[%emt 0:00:02]} gxh5 {[%emt 0:00:01]} 27. Rh1 {[%emt 0:00:14]} h6 {[%emt 0:00:02]} 28. Rxh5 {[%emt 0:00:02]} Qd6 {[%emt 0:00:04]} 29. Nc3 {[%emt 0:00:17]} Ne7 {[%emt 0:00:09]} 30. Bxd7 {[%emt 0:00:03]} Qxd7 {[%emt 0:00:01]} 31. Nd4 {[%emt 0:00:06]} Nc6 {[%emt 0:00:12]} 32. Nxc6 {[%emt 0:00:04]} Qxc6 {[%emt 0:00:01]} 33. Qg6 {[%emt 0:00:02]} Kf8 {[%emt 0:00:05]} 34. Nxd5 {[%emt 0:00:44]} Rbd8 {[%emt 0:00:14]} 35. Nf6 {[%emt 0:00:11]} Rd1+ {[%emt 0:00:02]} 36. Ka2 {[%emt 0:00:01]} Rc8 {[%emt 0:00:23]} 37. Nh7+ {[%emt 0:00:11]} Kg8 {[%emt 0:00:03]} 38. Nf6+ {[%emt 0:00:02]} Kf8 {[%emt 0:00:01]} 39. Nh7+ {[%emt 0:00:01]} Kg8 {[%emt 0:00:17]} 40. Nf6+ {[%emt 0:00:01]} Kf8 {[%emt 0:00:03] (Lag: Av=0.73s, max=5.8s)} 1/2-1/2

[Event "Stay Safe Play From Home 222"]
[Site "T#646744Emanuel Laske"]
[Date "2020.06.12"]
[Round "3"]
[White "Haxhi Baha"]
[Black "Lazieri3"]
[Result "1-0"]
[WhiteElo "2024"]
[BlackElo "2058"]
[Annotator "TA"]
[PlyCount "71"]
[EventDate "2020.06.12"]
[EventType "swiss (blitz)"]

{[%evp 9,71,48,58,37,64,55,68,33,62,44,50,39,43,22,22,17,18,14,33,18,43,16,49,26,53,22,68,54,63,55,93,69,103,79,79,77,79,85,110,93,429,422,400,427,416,418,428,398,403,346,364,364,410,178,581,566,880,854,1190,1179,29995,29994,29994,29995]} 1. e4 c6 2. Nc3 {[%cal Bb1c3,Bc3e4,Be4g5][%mdl 32]} d5 3. Nf3 dxe4 4. Nxe4 Nd7 5. Bc4 Ndf6 6. Neg5 {B11: Caro-Kann: Two Knights Variation.} Nh6 {[#]} 7. h3 $146 ({Predecessor:} 7. Ne5 e6 8. Qf3 Bd6 9. Qe2 O-O 10. O-O Nd5 11. Nef3 e5 12. d3 Bg4 13. h3 {1-0 (23) Guskov,Y (2355)-Sidenko,V Kaluga 2003}) 7... e6 8. Qe2 {White is slightly better.} Bd6 9. d4 Nf5 10. g4 Ne7 11. Bd2 h6 12. Ne4 Nxe4 13. Qxe4 Nd5 14. O-O-O Qc7 15. Ne5 $36 {[%mdl 2048] Black is under pressure.} Bxe5 16. dxe5 Bd7 17. g5 O-O-O 18. gxh6 gxh6 19. Rhg1 Qb6 20. Rg2 Rdg8 21. Rdg1 Rxg2 22. Rxg2 Qc5 23. Bd3 Qe7 24. a3 f5 $2 {[%mdl 8192] [#] Loses the game.} (24... Qf8 $16 {is tougher.}) 25. exf6 $1 $18 Qxf6 26. c4 Ne7 27. Bc3 Qf8 {If only Black now had time for ...Rg8....} 28. Bxh8 Qxh8 29. Kc2 Nf5 30. Rg6 c5 31. Qf4 (31. Kb1 $142) 31... Nd4+ $2 {[#]} (31... e5 {is a better chance.} 32. Qh2 e4 {[%mdl 64] Decoy} 33. Bxe4 Qe8) 32. Kb1 h5 33. Qg5 Kc7 34. Rg8 Nf3 35. Qxc5+ Bc6 36. Rxh8 {Accuracy: White = 73%, Black = 27%.} 1-0

[Event "Stay Safe Play From Home 222"]
[Site "T#646744Emanuel Laske"]
[Date "2020.06.12"]
[Round "3"]
[White "Tunca"]
[Black "Archi-ak"]
[Result "1-0"]
[WhiteElo "1740"]
[BlackElo "1819"]
[Annotator "NA RC"]
[PlyCount "143"]
[EventDate "2020.06.12"]
[EventType "swiss (blitz)"]

1. e4 {[%emt 0:00:21]} c5 {[%emt 0:00:03]} 2. Nf3 {[%emt 0:00:04]} d6 {[%emt 0:00:01]} 3. d4 {[%emt 0:00:01]} cxd4 {[%emt 0:00:00]} 4. Nxd4 {[%emt 0:00:00]} Nf6 {[%emt 0:00:01]} 5. Nc3 {[%emt 0:00:00]} a6 {[%emt 0:00:01]} 6. Be2 {[%emt 0:00:01]} e5 {[%emt 0:00:01]} 7. Nb3 {[%emt 0:00:01]} Be6 {[%emt 0:00:00]} 8. Be3 {[%emt 0:00:00]} Be7 {[%emt 0:00:01]} 9. Qd2 {[%emt 0:00:00]} O-O {[%emt 0:00:01]} 10. O-O {[%emt 0:00:00]} Nbd7 {[%emt 0:00:01]} 11. f4 {[%emt 0:00:01]} exf4 {[%emt 0:00:02]} 12. Bxf4 {[%emt 0:00:02]} Ne5 {[%emt 0:00:00]} 13. Nd4 {[%emt 0:00:09]} Rc8 {[%emt 0:00:03]} 14. Bg3 {[%emt 0:00:10]} b5 {[%emt 0:00:05]} 15. Nf5 {[%emt 0:00:09]} Bxf5 {[%emt 0:00:07]} 16. Rxf5 {[%emt 0:00:00]} b4 {[%emt 0:00:21]} 17. Bxe5 {[%emt 0:00:21]} dxe5 {[%emt 0:00:05]} 18. Qxd8 {[%emt 0:00:03]} Rfxd8 {[%emt 0:00:00]} 19. Nd5 {[%emt 0:00:32]} Nxd5 {[%emt 0:00:02]} 20. exd5 {[%emt 0:00:01]} Rxd5 {[%emt 0:00:05]} 21. Bf3 {[%emt 0:00:36]} Rb5 {[%emt 0:01:19]} 22. Re1 {[%emt 0:00:12]} f6 {[%emt 0:00:11]} 23. Be4 {[%emt 0:00:28]} a5 {[%emt 0:00:10]} 24. Kf1 {[%emt 0:00:21]} Bc5 {[%emt 0:00:04]} 25. Bd3 {[%emt 0:00:06]} Rb6 {[%emt 0:00:05]} 26. Bc4+ {[%emt 0:00:02]} Kh8 {[%emt 0:00:04]} 27. Rf3 {[%emt 0:00:00]} Rd6 {[%emt 0:00:03]} 28. Rd3 {[%emt 0:00:02]} Rcd8 {[%emt 0:00:03]} 29. Red1 {[%emt 0:00:01]} Rxd3 {[%emt 0:00:01]} 30. Rxd3 {[%emt 0:00:00]} Rxd3 {[%emt 0:00:01]} 31. Bxd3 {[%emt 0:00:00]} Kg8 {[%emt 0:00:01]} 32. Ke2 {[%emt 0:00:01]} Kf7 {[%emt 0:00:01]} 33. Kf3 {[%emt 0:00:01]} g6 {[%emt 0:00:01]} 34. c3 {[%emt 0:00:06]} bxc3 {[%emt 0:00:07]} 35. bxc3 {[%emt 0:00:00]} Ke6 {[%emt 0:00:01]} 36. Bc4+ {[%emt 0:00:02]} Kd6 {[%emt 0:00:02]} 37. Bg8 {[%emt 0:00:02]} h6 {[%emt 0:00:07]} 38. Bf7 {[%emt 0:00:02]} g5 {[%emt 0:00:01]} 39. Ke4 {[%emt 0:00:01]} Bg1 {[%emt 0:00:08]} 40. h3 {[%emt 0:00:01]} h5 {[%emt 0:00:15]} 41. Bxh5 {[%emt 0:00:02]} Bh2 {[%emt 0:00:09]} 42. Bf7 {[%emt 0:00:02]} Bf4 {[%emt 0:00:02]} 43. Kf5 {[%emt 0:00:07]} Ke7 {[%emt 0:00:04]} 44. Bd5 {[%emt 0:00:03]} Bd2 {[%emt 0:00:01]} 45. c4 {[%emt 0:00:03]} Bf4 {[%emt 0:00:02]} 46. Kg4 {[%emt 0:00:06]} Kd6 {[%emt 0:00:02]} 47. g3 {[%emt 0:00:00]} Be3 {[%emt 0:00:03]} 48. h4 {[%emt 0:00:01]} gxh4 {[%emt 0:00:01]} 49. gxh4 {[%emt 0:00:00]} Kc5 {[%emt 0:00:01]} 50. Kf5 {[%emt 0:00:01]} Bf2 {[%emt 0:00:07]} 51. h5 {[%emt 0:00:06]} Be3 {[%emt 0:00:06]} 52. Kxf6 {[%emt 0:00:02]} Bf4 {[%emt 0:00:01]} 53. Kg6 {[%emt 0:00:03]} e4 {[%emt 0:00:12]} 54. h6 {[%emt 0:00:04]} e3 {[%emt 0:00:03]} 55. Bf3 {[%emt 0:00:00]} Be5 {[%emt 0:00:05]} 56. Be2 {[%emt 0:00:03]} Kd4 {[%emt 0:00:02]} 57. h7 {[%emt 0:00:03]} Kc3 {[%emt 0:00:04]} 58. Kf5 {[%emt 0:00:01]} Bh8 {[%emt 0:00:03]} 59. Kf4 {[%emt 0:00:05]} Kd2 {[%emt 0:00:00]} 60. Kf3 {[%emt 0:00:00]} Kc3 {[%emt 0:00:03]} 61. Kxe3 {[%emt 0:00:01]} Kb4 {[%emt 0:00:01]} 62. Ke4 {[%emt 0:00:02]} Kc5 {[%emt 0:00:00]} 63. Kf5 {[%emt 0:00:01]} a4 {[%emt 0:00:01]} 64. Kg6 {[%emt 0:00:01]} Kd6 {[%emt 0:00:01]} 65. Kf7 {[%emt 0:00:01]} Kc5 {[%emt 0:00:03]} 66. Kg8 {[%emt 0:00:01]} Bc3 {[%emt 0:00:01]} 67. h8=Q {[%emt 0:00:00]} Bxh8 {[%emt 0:00:01]} 68. Kxh8 {[%emt 0:00:00]} Kd4 {[%emt 0:00:01]} 69. Kg7 {[%emt 0:00:02]} Kc3 {[%emt 0:00:00]} 70. c5 {[%emt 0:00:01]} a3 {[%emt 0:00:00]} 71. c6 {[%emt 0:00:01]} Kb2 {[%emt 0:00:00]} 72. Bc4 {[%emt 0:00:02] Archi-ak resigns (Lag: Av=0.74s, max=1.5s)} 1-0

[Event "Stay Safe Play From Home 222"]
[Site "T#646744Emanuel Laske"]
[Date "2020.06.12"]
[Round "3"]
[White "Shyamph1980"]
[Black "Edmatuag"]
[Result "1-0"]
[WhiteElo "1698"]
[BlackElo "1805"]
[Annotator "NA RC"]
[PlyCount "49"]
[EventDate "2020.06.12"]
[EventType "swiss (blitz)"]

1. d4 {[%emt 0:00:02]} d5 {[%emt 0:00:01]} 2. c4 {[%emt 0:00:01]} e6 {[%emt 0:00:03]} 3. Nc3 {[%emt 0:00:01]} Nf6 {[%emt 0:00:01]} 4. Bg5 {[%emt 0:00:02]} c6 {[%emt 0:00:03]} 5. cxd5 {[%emt 0:00:02]} exd5 {[%emt 0:00:03]} 6. e3 {[%emt 0:00:01]} Nbd7 {[%emt 0:00:03]} 7. Bd3 {[%emt 0:00:02]} Bb4 {[%emt 0:00:02]} 8. Nge2 {[%emt 0:00:06]} h6 {[%emt 0:00:12]} 9. Bh4 {[%emt 0:00:02]} O-O {[%emt 0:00:03]} 10. a3 {[%emt 0:00:03]} Bd6 {[%emt 0:00:03]} 11. Bf5 {[%emt 0:00:20]} Re8 {[%emt 0:00:11]} 12. Bxd7 {[%emt 0:00:06]} Bxd7 {[%emt 0:00:04]} 13. O-O {[%emt 0:00:01]} Bf5 {[%emt 0:00:06]} 14. Ng3 {[%emt 0:00:05]} Bg6 {[%emt 0:00:02]} 15. Qb3 {[%emt 0:00:06]} Bd3 {[%emt 0:00:05]} 16. Rfd1 {[%emt 0:00:07]} Ba6 {[%emt 0:00:01]} 17. Nf5 {[%emt 0:00:22]} Bc7 {[%emt 0:00:23]} 18. Rac1 {[%emt 0:00:13]} Kh7 {[%emt 0:00:29]} 19. Qc2 {[%emt 0:00:07]} g6 {[%emt 0:00:06]} 20. Ng3 {[%emt 0:00:11]} Kg7 {[%emt 0:00:06]} 21. Nge2 {[%emt 0:00:12]} Bxh2+ {[%emt 0:00:28]} 22. Kh1 {[%emt 0:00:37]} Bc7 {[%emt 0:00:10]} 23. Na4 {[%emt 0:00:09]} g5 {[%emt 0:00:55]} 24. Bg3 {[%emt 0:00:02]} Bxe2 {[%emt 0:00:09]} 25. Bxc7 {[%emt 0:00:02] Time (Lag: Av=0.64s, max=0.8s)} 1-0